| 000 | 00415nam a2200169 a 4500 | ||
|---|---|---|---|
| 001 | 6547 | ||
| 003 | CO-ViMGA | ||
| 008 | 141112s2004 ck r 000 u spa d | ||
| 040 |
_aCO-ViMGA _bspa _cCO-ViMGA |
||
| 082 | 0 | 4 | _a153.42 B656 |
| 100 | 1 | _aBono, Edward De | |
| 245 | 1 | 0 | _aSeis sombreros para pensar |
| 260 |
_aBarcelona : _bGranica, _c1996 |
||
| 300 | _a222 p | ||
| 650 | 1 | 4 |
_aPENSAMIENTO _95104 |
| 942 |
_2ddc _cBK |
||
| 999 |
_c18517 _d18517 |
||